000 00691nam a22001577a 4500
003 OSt
005 20150912163617.0
008 150912b xxu||||| |||| 00| 0 eng d
040 _cRUA
082 _aAGR MAK 1997 B019 Or.1
100 _9351
_aMAK, SOVANNAPHEAP
245 _aEconomic impact of sitophilus oryzae on grain storage in cambodia ឥទ្ធិពលសេដ្ឋកិច្ចរបស់ខ្មូត​sitophilus oryzae ទៅលើការស្តុកគ្រាប់ធញ្ញជាតិក្នុងលក្ខខ័ណ្ឌនៃប្រទេសកម្ពុជា
260 _aPhnom Penh
_bRUA
_c1997
300 _a98p.
_bill.
_c29cm.
942 _2ddc
_cAGR
999 _c333
_d333